Chinese Lesson 2 Vocab Quiz Stats

 Plays Quiz not verified by Sporcle

Challenge
Share
Tweet
Embed
Score 0/43 Timer 10:00
0 Plays Today
% Correct
(indicates an action in progress); at, in, on
92.9%
to have tea
91.8%
half
88.8%
breakfast
88.8%
to read, to see, to watch, to look at
87.8%
to listen, to hear
87.8%
now, at present
87.8%
character, word
86.7%
dinner
85.7%
zero (in written form)
84.7%
evening, night
83.7%
minute
82.7%
midday, noon
82.7%
to sleep
82.7%
to do, to make
81.6%
lunch
81.6%
afternoon
81.6%
movie
79.6%
to write
78.6%
o'clock; dot
78.6%
day-today, daily
74.5%
homework, schoolwork
70.4%
% Correct
to get up, to get out of bed
70.4%
nearly; fast; hurry
69.4%
(early) morning
69.4%
to finish classes
66.3%
slow; slowly
66.3%
music
62.2%
to go in, to enter
62.2%
watch (timepiece)
61.2%
to arrive late
60.2%
already
60.2%
life
59.2%
to dance
58.2%
morning
55.1%
a quarter (Of an hour)
53.1%
kite
52%
comic books, comic strips, cartoons
52%
(oral) oh no; how terrible
52%
should
43.9%
to let off, to let go, to release
37.8%
to play chess
34.7%
differ from
34.7%

You're not logged in!

Compare scores with friends on all Sporcle quizzes.
Join for Free
OR
Log In

You Might Also Like...

Show Comments

Extras

Top Quizzes Today


Score Distribution

Your Account Isn't Verified!

In order to create a playlist on Sporcle, you need to verify the email address you used during registration. Go to your Sporcle Settings to finish the process.

Report this User

Report this user for behavior that violates our Community Guidelines.

Details: